000 00595nam a2200229Ia 4500
005 20260320201526.0
008 008 262003s9999 xx 000 0 eng d
037 _aEBOOK
040 _aCRL
040 _beng
040 _cCRL
041 _2eng
041 _aeng
084 _qCRL
100 _aWolff
245 0 _aYou'll see this message when it is too late: The Legal and Economic Aftermath of Cybersecurity Breaches
260 _bIEEE
856 _uhttps://ieeexplore.ieee.org/servlet/opac?bknumber=8544154
942 _cEBOOK
999 _c1721792
_d1721792